000 00388nam a2200145Ia 4500
008 210210b2003 xxu||||| |||| 00| 0 eng d
020 _a81 269 0274 4
082 _a150.1 SHAH
100 _aSHARMA (Ram Nath).
245 _aHistory and schools of psychology.
260 _aND
_bAtlantic Publishers & Distributors,
_c2003
300 _aix,259
690 _aPsychology
906 _aSG04357
999 _c115009
_d115009